| 000 | 00988cad a22002175a 4500 | ||
|---|---|---|---|
| 001 | E147674 | ||
| 008 | 090604s2008 xxk 000 0 eng d | ||
| 035 | _a(Sirsi) u147674 | ||
| 041 | 0 | _aeng | |
| 100 | 2 | _aTopp, Kairsty | |
| 245 | 0 | 0 |
_aCarbon footprint reporting for a Scottish livestock farm _h[electronic resource] |
| 260 | _c[2008] | ||
| 490 | _aSAC Rural Policy Centre Research Briefing | ||
| 520 | _aReports on a research project which was aimed at achieving a better understanding of the carbon footprint of a Scottish livestock farm in Scotland. Looks at baseline data which could be used to assess changes in emissions, and compares the results from various footprinting tools. | ||
| 590 | _aKA | ||
| 651 | 4 |
_aScotland _y1999- |
|
| 690 | _aENVIRONMENTAL AND LAND CONSULTANCY-AGRIBUSINESS-AGRICULTURE | ||
| 700 | 1 | _aRees, Bob | |
| 856 | 4 | 0 |
_uhttps://www.sac.ac.uk/mainrep/pdfs/carbonfootprint.pdf _zView the briefing free of charge (pdf file) at www.sac.ac.uk |
| 942 | _n0 | ||
| 999 |
_c81608 _d81608 |
||